00897nam a2200181 a 4500001001500000005001700015008004100032020003500073020003000108100001800138245004200156260003500198300002100233520026400254856008200518999001700600952009800617ASIN144378468020150422111710.0150422s2008 xxu eng d a1443784680 (paperback)c$27.45 a9781443784689 (paperback)1 aHell, Joseph.14aThe arab civilization /cJoseph Hell. a[S.l.] :bPorter Press,c2008. a160 p. ;c22 cm. aMany of the earliest books, particularly those dating back to the 1900s and before, are now extremely scarce and increasingly expensive. We are republishing these classic works in affordable, high quality, modern editions, using the original text and artwork.403Amazon.comuhttp://www.amazon.com/exec/obidos/ASIN/1443784680/chopaconline-20 c13268d13268 00134070aQUESTCLbQUESTCLd2015-04-22g25.00l0o297.901HELp9502r2015-04-22 00:00:00yBK